000 01066nam0a22003611 4500
001 RU\NLR\A1SV\174
005 20251203171251.9
035 _a(NLR Aleph) 009686276
090 _a9719718
_c9719718
100 _a19980115d1918 u y0rusy50 ca
101 0 _arus
102 _aRU
200 1 _aМ.Ю.Лермонтов
_eЖизнь, личность и творчество
_fН.Кадмин
210 _aМ.
_c3-я гос.тип.
_d1918
215 _a72 с.
_d18 см
517 9 _aЛермонтов
517 1 _aЛермонтов
600 1 _aЛермонтов
_bМ.Ю.
_f1814-1841
_gМихаил Юрьевич
620 _dМосква
700 1 _6z01790
_aАбрамович
_bН.Я.
_f1881-1922
_gНиколай Яковлевич
790 1 _6z01700
_aКадмин
_bН.
801 0 _aRU
_bNLR
_c19980115
899 _aРНБ
_j37.77.8.39
899 _aГПИБ
899 _aРГБ
899 _aБАН
899 _aМГУ
899 _aТамбОУНБ
942 _cBOOK
980 _aNB
980 _aA1SV
980 _aA1SV